000 01183nam a22003017a 4500
005 20091016112842.0
008 091016t xxu||||| |||| 00| 0 eng d
010 _aENG-95138
020 _a9780070677456
_c695.00
020 _a007067745-X
_c695.00
035 _aEN-78669
037 _bDBAD/PUB
040 _aDPL
082 _a658.0076
100 _aPhillips, Joseph
245 _aCBAP, Certified Business Analysis Professional :
_cby Joseph Phillips
_ball-in-one exam guide /
246 _aAll-in-one CBAP, Certified Business Analysis Professional exam guide
260 _aNew Delhi
_bTata McGraw Hill Education
_c2009
270 _a7, West Petel Nagar
_bNew Delhi
_e110008
300 _axvii, 486p.
_c24cm.(Pbk)
_e1 CD-ROM (4 3/4 in.)
_bill.
490 _aAll-in-one
500 _aIncludes index.
650 _aBusiness analysts
_xExaminations
_vStudy guides.
650 _aBusiness analysts
_xCertification.
700 _aSasikala B.
942 _2ddc
_cEN
_mPHI
_h658.0076
999 _c30954
_d30954